00528nam a2200181Ia 450000500170000000800410001702000130005808200130007110000150008424500360009926000490013530000120018465000180019665000140021494200060022895200970023499900150033120250528015646.0240331s9999 xx 000 0 und d a18002234 bGUNa303 aUyangoda,J 0aNiwton Gunasinghe lipi ekathuwa aColombobSocial scientists Associationc2006 a59 p ., asocial theory apractices cL 001040708LaWERCLbWERCLcSSCd2024-03-31l0o 303.4 GUNp5645r2024-03-31w2024-03-31yL c5192d5192